1850 1620 1690 1253 1377 1429 1866 1154 1803 1003 1243 1534 1340 1344 1156 1904 1130 1944 1730 1229 1763 1408 1388 1413 1286 1665 1343 1467 1366 1056 1064 1528 1485 1014 1670 1321 1902 1059 1293 1479 1889 1109 1343 1915 1387 1231 1932 1646 1232 1631 1904 1334 1682 1093 1867 1554 1717 1987 1239 1770 1872 1078 1762 1220 1385 1896 1803 1093 1623 1458 1760 1244 1675 1537 1131 1542 1308 1807 1345 1063 1878 1019 1187 1164 1299 1300 1635 1535 1776 1225 1379 1911 1387 1758 1745 1463 1779 1303 1594 BCNSPRNW ULIB Ver.6.0+V

เปลี่ยนเป็นภาษาไทย

Change to English
 แสดงรายละเอียดบรรณานุกรม
  กลับหน้าหลัก

Brief Record : Get Marc (ISO 2709) : E-mail record : QR code < ปิดหน้าต่าง
LEADER : 00000nam 2200000uu 4500
001    13399121689
003     ULIB
008    121129s2550||||th 000 0 tha d
020    ^a9789748822723
060 04 ^aWS100^bด764C
245 00 ^aCritical advances in pediatrics /^cบรรณาธิการ, ดุสิต สถาวร, ชิษณุ พันธุ์เจริญ, อุษา ทิสยากร
250    ^aพิมพ์ครั้งที่ 1
260    ^aกรุงเทพฯ :^bราชวิทยาลัยกุมารแพทย์แห่งประเทศไทยสมาคมกุมารแพทย์แห่งประเทศไทย,^c2550
300    ^a344 หน้า :^bภาพประกอบ ;^c27 ซม.
500    ^aหนังสือคู่มือการอบรมระยะสั้นประจำปี 2550
650  7 ^aกุมารเวชศาสตร์
700 0  ^aดุสิต สถาวร,^eบรรณาธิการ
700 0  ^aชิษณุ พันธุ์เจริญ,^eบรรณาธิการ
700 0  ^aอุษา ทิสยากร,^eบรรณาธิการ
710 2  ^aราชวิทยาลัยกุมารแพทย์แห่งประเทศไทย
710 2  ^aสมาคมกุมารแพทย์แห่งประเทศไทย
945    ^p380^l0^i24803
995    ^aวิภา
999 ^a ใช้งานได้ทุกระบบ
รายการนี้ยังไม่มีแท็ก
คุณยังไม่ได้ล็อกอิน คุณสามารถมีกิจกรรมร่วมกับเว็บไซต์ได้ แต่ต้องล็อกอินก่อน ::
  ล็อกอิน

รายการสื่อสารสนเทศ

ลำดับที่ ประเภท เลขเรียก/บาร์โค้ด สถานที่ สถานะ
- ไม่พบข้อมูล -

รายการใกล้เคียง
    หัวเรื่อง [กุมารเวชศาสตร์]

BibComment


ยังไม่เคยถูกคอมเมนท์

คอมเมนท์ทรัพยากรรายการนี้
  คอมเมนท์: Critical advance..


 Copyright 2026. Bcnsprnw @Library